| 000 | 00521nam a2200157Ia 4500 | ||
|---|---|---|---|
| 005 | 20260217121659.0 | ||
| 022 | _a0034-6721 | ||
| 050 | _aBP1 .R48/ | ||
| 245 |
_aTHE REVIEW OF RELIGIONS _bNavigating Towards Peace in an Era od Disinformation |
||
| 250 | _aVol. 119, No. 1 | ||
| 260 |
_aAl Shirkatul Islamiyyah Ltd., _bLondon, United Kingdom _c2024 |
||
| 300 | _av, 110 p. :ill. ; 30 cm. | ||
| 490 | _aVol. 119, No. 1 | ||
| 650 | _aIslam--Periodicals Ahmadiyya--Periodicals Religions--Periodicals | ||
| 942 |
_cSR _2lcc |
||
| 999 |
_c37243 _d37243 |
||